Kritik der Strafrechsreform /

সংরক্ষণ করুন:
গ্রন্থ-পঞ্জীর বিবরন
প্রধান লেখক: Nedelmann, Carl (লেখক)
অন্যান্য লেখক: Thoss, Peter
বিন্যাস: গ্রন্থ
ভাষা:জার্মান
প্রকাশিত: Frankfurt : Suhrkamp, 1968
ট্যাগগুলো: ট্যাগ যুক্ত করুন
কোনো ট্যাগ নেই, প্রথমজন হিসাবে ট্যাগ করুন!

MARC

LEADER 00000nam a22000007i 4500
001 IT\ICCU\UBO\3435518
003 ItRI
005 20260115232237.0
008 080611s1968 gw |||||| ||||| |||||c
040 |b ita  |c importazione bologna sebina 
041 7 |a ger  |2 ISO-639-2 
100 1 |a Nedelmann, Carl  |0 IT\ICCU\IEIV\037626  |4 aut 
245 1 0 |a Kritik der Strafrechsreform /  |c Carl Nedelmann, [et al.]. 
260 |a Frankfurt :  |b Suhrkamp,  |c 1968 
300 |a 167 p. ;  |c 18 cm. 
700 1 |a Thoss, Peter  |0 IT\ICCU\TO0V\474984 
942 |2 ddc  |c BK  |n 0 
952 |0 0  |1 0  |4 0  |6 DOC_345_430000000000000_NED  |7 0  |9 22750  |a BO  |b BO  |d 2026-01-15  |i 1821  |l 0  |o DOC 345.43 NED  |p BO1821  |r 2026-01-15 23:22:37  |w 2026-01-15  |x [Sebina 5] [1 v.]  |y BK  |z 1 v. 
999 |c 19420  |d 19420